History Quiz

Random History or Politics Quiz

Sample Citizenship Test Quiz Stats

 Plays Quiz not verified by Sporcle

Challenge
Share
Tweet
Embed
Score 0/100 Timer 18:00
0 Plays Today
Sample Question Answer % Correct
Name one branch or part of the government.Congress...
83.8%
Name one state that borders Canada.Maine...
83.3%
Who is in charge of the executive branch?the President
81.1%
Who is the Commander-in-Chief of the military?the President
81.1%
Who signs bills to become laws?the President
81.1%
Who vetoes bills?the President
81.1%
What is the capital of your state? [capital] Try a capital quiz!
79.2%
Who is the 'Father of Our Country'?George Washington
77.5%
Who was the first President?George Washington
77.5%
Name one war fought by the United States in the 1800s.War of 1812...
77.3%
We elect a President for how many years?Four
77.3%
Name one of the 13 original states.New Hampshire...
74.8%
What was one important thing that Abraham Lincoln did?Preserved the Union...
74.2%
What is one Cabinet-level position?Secretary of Agriculture...
74%
If the President can no longer serve, who becomes President?the Vice President
73.7%
How old do citizens have to be to vote for President?18 and older
73.4%
When must all men register for the Selective Service?18 years old
73.4%
We elect a U.S. Representative for how many years?Two
72.6%
Name one war fought by the United States in the 1900s.World War II...
72.3%
Name one national U.S. holiday.Memorial Day...
67.4%
Where is the Statue of Liberty?New York Harbor
66.8%
In what month do we vote for President?November
65.8%
What is the name of the President of the United States now?Barack H. Obama
65.8%
Name one state that borders Mexico.Texas...
64.7%
What ocean is on the East Cost of the United States?Atlantic Ocean
64.4%
How many justices are on the Supreme Court?Nine
64.4%
What is the highest court in the United States?the Supreme Court
64.1%
What is one right or freedom from the First Amendment?Speech, religion, etc...
63.8%
What is one reason colonists came to America?Freedom...
63.6%
What is the capital of the United States?Washington, D.C.
62.5%
What is one way that Americans can participate in their democracy?Vote...
62.5%
What ocean is on the West Coast of the United States?Pacific Ocean
61.9%
What is the political party of the President now?Democratic Party
61.9%
Who makes federal laws?Congress
61.6%
Sample Question Answer % Correct
We elect a U.S. Senator for how many years?Six
61.4%
Name one of the two longest rivers in the United States.Missouri (or Mississippi)
61.1%
Who lived in America before the Europeans arrived?American Indians...
60.8%
When do we celebrate Independence Day?July 4
60.3%
Who did the United States fight in World War II?Japan, Germany, and Italy
60.3%
What is the name of the Vice President of the United States now?Joseph R. Biden, Jr.
60%
Name the U.S. war between the North and the South.The Civil War
59.7%
What did Susan B. Anthony do?Fought for women's rights...
58.9%
Who was President during the Great Depression and World War II?Franklin D. Roosevelt
58.6%
What is a right of everyone living in the United States?Freedom of expression...
58.6%
Before he was President, Eisenhower was a general. What war was he in?World War II
58.1%
Name one problem that led to the Civil War.Slavery...
58.1%
Name one U.S. territory.Puerto Rico..
57.5%
What do we call the first ten amendments to the Constitution?The Bill of Rights
57.5%
How many U.S. Senators are there?One hundred
57.5%
If both the President and the Vice President can no longer serve, who becomes President?the Speaker of the House
57.3%
What is the name of the national anthem?The Star-Spangled Banner
56.7%
What movement tried to end racial discrimination?Civil Rights Movement
56.4%
What do we show loyalty to when we say the Pledge of Allegiance?the United States
56.4%
Who wrote the Declaration of Independence?Thomas Jefferson
55.6%
Why does the flag have 50 stars?One star for each state
54.8%
Name one American Indian tribe in the United States.Cherokee...
53.2%
Why do some states have more Representatives than other states?the state's population
52.1%
What are the two major political parties in the United States?Democratic and Republican
52.1%
How many amendments does the Constitution have?27
51.8%
What territory did the United States buy from France in 1803?Louisiana Territory
51.5%
What group of people was taken to America and sold as slaves?Africans
51.5%
What are the two parts of the U.S. Congress?the Senate and the House of Representatives
49.3%
What stops one branch of government from becoming too powerful?Checks and balances
48.5%
Name your U.S. Representative. [rep]Representative (I hope you find out if you don't know)
48.5%
Why does the flag have 13 stripes?13 Original Colonies
47.9%
When was the Constitution written? (year)1787
46.3%
Who is one of your state's U.S. Senators now? [sen]Senator (I hope you find out if you don't know)
46.3%
What did the Emancipation Proclamation do?Freed the slaves
46%
Sample Question Answer % Correct
The idea of self-government is in the first three words of the Constitution. What are these words?We the People
45.8%
What is the supreme law of the land?the Constitution
45.5%
Who was President during World War I?Woodrow Wilson
43%
Name one of the writers of the Federalist Papers.James Madison...
41.1%
During the Cold War, what was the main concern of the United States?Communism
37.8%
When is the last day you can send in federal income tax forms?April 15
37.5%
What is an amendment?a change to the Constitution
37%
The House of Representatives has how many voting members?435
35.6%
Why did the colonists fight the British?High taxes (Taxation without representation)...
35.3%
What is the name of the Speaker of the House of Representatives now?John Boehner
34.5%
Who is the Chief Justice of the United States now?John G. Roberts, Jr.
33.2%
What are two rights in the Declaration of Independence?Life, Liberty, and the Pursuit of Happiness
29.9%
Who is the Governor of your state now? [gov]Governor (I hope you find out if you don't know)
28.2%
There are four amendments to the Constitution about who can vote. Describe one of them.Voting age set to 18 years...
28.2%
What is one thing Benjamin Franklin is famous for?U.S. diplomat...
24.9%
What is one promise you make when you become a US citizen?Be loyal to the US...
23.3%
What is the economic system in the United States?Capitalist (or Market) economy
20.8%
When was the Declaration of Independence adopted?July 4, 1776
18.9%
What is one power of the federal government according to the Constitution?Print money...
17.8%
What is one power of the states, according to the Constitution?Provide schooling and education...
15.1%
What happened at the Constitutional Convention?The Constitution was written
14.8%
What did Martin Luther King, Jr. do?Fought for Civil Rights
14.5%
Who does a U.S. Senator represent?All the people of the state
12.9%
What major event happened on September 11, 2001, in the United States?Terrorists attacked the United States
12.6%
What did the Declaration of Independence do?Declared our Independence from Great Britain
8.5%
What does the President's Cabinet do?Advises the President
8.2%
Name one right only for United States citizens.Run for federal office...
7.1%
What is freedom of religion?Freedom to practice any religion, or not practice a religion
6.3%
What is the 'rule of law'?Everyone must follow the law
3.6%
What is one responsibility that is only for United States citizens?Vote in a federal election...
2.5%
What does the Constitution do?Sets up the government...
2.2%
What does the judicial branch do?Reviews laws...
1.9%

You're not logged in!

Compare scores with friends on all Sporcle quizzes.
Join for Free
OR
Log In

You Might Also Like...

Show Comments

Extras

Top Quizzes Today


Score Distribution

Your Account Isn't Verified!

In order to create a playlist on Sporcle, you need to verify the email address you used during registration. Go to your Sporcle Settings to finish the process.

Report this User

Report this user for behavior that violates our Community Guidelines.

Details: